000 02147nam a2200385 i 4500
999 _c65399
_d65399
001 768714001
003 CO-MdFUSB
005 20200303172318.0
007 ta
008 200225t2004 arg |||| |||| 00| 0 spa d
020 _a9789403630
040 _aCO-MdFUSB
_bspa
_cCO-MdFUSB
_dCO-MdFUSBC
_erda
041 _aspa
082 _223
_a378.071
_bM741r
100 _aMondragón, Carlos.
_eautor
245 1 4 _aLos retos del conocimiento :
_bla educación cristiana en un mundo globalizado.
_c/ Carlos Mondragón
264 1 _aBuenos Aires, Argentina :
_bkairós,
_c[2004]
264 4 _c© 2004
300 _a194 páginas
_c; 20 cm
336 _2rdacontent
_atexto
_btxt
337 _2rdamedia
_asin mediación
_bn
338 _2rdacarrier
_avolumen
_bnc
505 _aUniversidad latinoamericana y globalización. / Carlos Mondragón. -- Revelación y verdad: el conocimiento como riqueza de los pueblos. / Alvin Góngora. -- Iglesia, universidad cristiana y mundo globalizado. / H. Fernando Bullón. -- Conocimiento, educación y mundo globalizado. / Gonzalo Derney Ramos. -- Exigencias de un diálogo urgente entre la reflexión teológica y el desarrollo vertiginoso de las ciencias en el marco de la globalización. / Alicia Winters. -- Perspectivas teológicas de los retos del conocimiento a la educación cristiana en un mundo globalizado. / Carlos Caldas Filho.-- Estrategia global y desafíos de la educación superior en América Latina. / Marcelino Bassett. -- Fe cristiana, medio ambiente y globalización: del desarrollo sostenible al consumo responsable. / Ana Lidia Galvao. -- Liberar la verdad. / Sydney Rooy. -- Ir y aprender./ Sydney Rooy -- Amar y conocer. / Sydney Rooy. -- Compromiso de Barranquilla.
563 _aRústico
650 7 _9349
_aEducación cristiana
653 _aGlobalización
700 _91863
_aGóngora, Alvin,
_eautor
700 _92920
_a Bullón, H. Fernando
_eautor
700 _92921
_a Ramos, Gonzalo Derney
_eautor
700 _92922
_a Winters, Alicia.
_eautor
700 _92923
_a Rooy, Sydney.
_eautor
700 _92924
_a Galvao, Ana Lidia.
_eautor
942 _cBK
945 _aJTF-925